Memory Politics in the Shadow of the New Cold War.

Bibliographic Details
Main Author: Nycz, Grzegorz.
Format: eBook
Language:English
Published: Berlin/München/Boston : Walter de Gruyter GmbH, 2021.
Edition:1st ed.
Subjects:
Online Access:Click to View
LEADER 02369nam a22003613i 4500
001 EBC6810168
003 MiAaPQ
005 20231204023220.0
006 m o d |
007 cr cnu||||||||
008 231204s2021 xx o ||||0 eng d
020 |a 9783110752014  |q (electronic bk.) 
035 |a (MiAaPQ)EBC6810168 
035 |a (Au-PeEL)EBL6810168 
035 |a (OCoLC)1287133702 
040 |a MiAaPQ  |b eng  |e rda  |e pn  |c MiAaPQ  |d MiAaPQ 
082 0 |a 306.2 
100 1 |a Nycz, Grzegorz. 
245 1 0 |a Memory Politics in the Shadow of the New Cold War. 
250 |a 1st ed. 
264 1 |a Berlin/München/Boston :  |b Walter de Gruyter GmbH,  |c 2021. 
264 4 |c {copy}2022. 
300 |a 1 online resource (160 pages) 
336 |a text  |b txt  |2 rdacontent 
337 |a computer  |b c  |2 rdamedia 
338 |a online resource  |b cr  |2 rdacarrier 
505 0 |a Intro -- Contents -- Introduction -- Chapter 1 Memory Politics Theory: A Brief Overview and an Eye on Shifts Towards the Post-Cold War Era Developments -- Chapter 2 Memory Politics and Totalitarian Demons (The New Cold War Perspective) -- Chapter 3 Collective Memory Concerns in the Post-Cold War Enlarged NATO Area -- Chapter 4 The Controversies and Challenges of Russia's National Memory in the Putin Era -- Chapter 5 Memory Politics as an Instrument of Annexation: The Case of Illegal Annexation of Crimean Republic by Russia -- Chapter 6 New Cold War and EU Memory Politics -- Chapter 7 Problems of Remembrance of Nazi Germany Crime in FRG: Historikerstreit, Auschwitz Lüge, Jenninger Affair -- Chapter 8 Memory Politics and Security Dilemmas of the Nuclear Age: A Debate on Alternatives to Atomic Bombings in the Context of Smithsonian's Enola Gay B-29 Exhibitions 1994-2003 -- Summary -- References -- Index. 
588 |a Description based on publisher supplied metadata and other sources. 
590 |a Electronic reproduction. Ann Arbor, Michigan : ProQuest Ebook Central, 2023. Available via World Wide Web. Access may be limited to ProQuest Ebook Central affiliated libraries.  
655 4 |a Electronic books. 
776 0 8 |i Print version:  |a Nycz, Grzegorz  |t Memory Politics in the Shadow of the New Cold War  |d Berlin/München/Boston : Walter de Gruyter GmbH,c2021 
797 2 |a ProQuest (Firm) 
856 4 0 |u https://ebookcentral.proquest.com/lib/matrademy/detail.action?docID=6810168  |z Click to View